Name the capital - Statistics

General Stats
  • This quiz has been taken 10 times
  • The average score is 6 of 15
Answer Stats
Hint Answer % Correct
Jordan Amman
80%
Uruguay Montevideo
80%
Slovakia Bratislava
60%
Mali Bamako
50%
Liberia Monrovia
50%
Montenegro Podgorica
50%
Ivory Coast Abidjan
40%
South Sudan Juba
40%
Gambia Banjul
30%
Comoros Moroni
30%
Marshall Islands Majuro
20%
Tonga Nuku'alofa
20%
Tuvalu Funafuti
10%
Federated States of Micronesia Palikir
10%
Palau Melekok
0%
No matching quizzes found
Score Distribution
Percent of People with Each Score
Percentile by Number Answered
Your Score History
You have not taken this quiz